00000000nas##2200000za#4500
0019.509451
003CaOODSP
00520251103144802
007ta
008150406c2000||||xxc|| m #||||f|   |0fre|d
040 |aCaOODSP|bfre
041 |aeng
041 |afre
043 |an-cn---
0861 |aJS73-2
1102 |aService canadien du renseignement de sécurité.
24510|aPerspectives
260 |aOttawa - Ontario : |bSolliciteur général Canada.
546 |aBilingue
563 |aCouverture souple
791 |tPerspectives |eeng|w(CaOODSP)9.509450